| 000 | 01851nam0a2200373 i 4500 | ||
|---|---|---|---|
| 001 | RU\NLR\BIBL_A\011002510 | ||
| 005 | 20240921195202.0 | ||
| 010 |
_a9785209069461 _9500 |
||
| 021 |
_aRU _b2016-9674 _9629 |
||
| 035 | _a(NILC)RuMoRGB-008140510 | ||
| 035 | _a(NLR Aleph) 011002510 | ||
| 090 |
_a10973378 _c10973378 |
||
| 100 | _a20160226d2015 km y0rusy50 ca | ||
| 101 | 0 | _arus | |
| 102 | _aRU | ||
| 105 | _ay|||z|||000yy | ||
| 200 | 1 |
_aГражданский процесс и гражданское законодательство в странах Азиатско-Тихоокеанского региона _f[засл. деят. науки РФ, д.ю.н., проф. В.В. Безбах, д.ю.н., проф. К.М. Беликова, к.ю.н., доц. Н.В. Бадаева и др.] |
|
| 210 |
_aМосква _cРоссийский университет дружбы народов _d2015 |
||
| 215 |
_a345 с. _d20 |
||
| 300 | _aАвт. указаны на обороте тит. л. | ||
| 320 | _aБиблиогр. в подстроч. примеч. | ||
| 606 | 1 |
_aГражданский процесс _yАзиатско-Тихоокеанские страны _92236018 _3RU\NLR\AUTH\6601573824 |
|
| 606 | 1 |
_aГражданское право _yАзиатско-Тихоокеанские страны _92282858 _3RU\NLR\AUTH\6601595720 |
|
| 675 | _a347+347.9 | ||
| 686 | 1 | _aХ839(5) | |
| 686 | 1 | _aХ892.9(5) | |
| 701 | 1 |
_7ca _8rus _aБезбах _bВ. В. _f1946- _gВиталий Васильевич _9153589 _3RU\NLR\AUTH\770153627 |
|
| 701 | 1 |
_aБеликова _bК. М. _gКсения Михайловна |
|
| 701 | 1 |
_aБадаева _bН. В. _gНаталия Владимировна |
|
| 801 | 0 |
_aRU _bРГБ _c20160209 _gRCR |
|
| 942 | _cBOOK | ||
| 980 | _aNBR | ||